000 00547nam a2200181Ia 4500
003 GCL
008 140319s9999 xx 000 0 ara d
040 _aGCL /
_cGCL
082 0 4 _a813.01
_bس ا
100 1 _aسلوى بكر
245 1 0 _aارانب : وقصص اخرى /
_cسلوى بكر
300 _a106 ص
490 _aكتاب
_v0
650 0 4 _aالقصص العربية القصيرة
650 0 4 _aالادب العربى - العصر الحديث
650 0 4 _aالادب العربى - القصص القصيرة
942 _2ddc
_cBK
999 _c42957
_d42957